[Event "Irish Championship 2020"]
[Site "Dublin"]
[Date "2020.08.08"]
[Round "8.1"]
[White "Brady, Stephen"]
[Black "Daly, Colm"]
[Result "1/2-1/2"]
[WhiteElo "2290"]
[BlackElo "2248"]
[Annotator "ChessBase"]
[PlyCount "90"]
[EventDate "2020.08.01"]
[EventType "swiss"]
[EventCountry "IRL"]
[SourceTitle "playchess.com"]
[Source "ChessBase"]
[SourceQuality "1"]
[TimeControl "8100+35"]

1. Nf3 {[%emt 0:00:00]} Nf6 {[%emt 0:18:42]} 2. g3 {[%emt 0:00:00]} d5 {[%emt 0:00:11]} 3. Bg2 {[%emt 0:00:20]} c5 {[%emt 0:06:07]} 4. O-O {[%emt 0:00:29]} Nc6 {[%emt 0:00:04]} 5. c4 {[%emt 0:00:30]} d4 {[%emt 0:00:10]} 6. d3 {[%emt 0:00:33]} e5 {[%emt 0:03:58]} 7. e3 {[%emt 0:09:54]} Be7 {[%emt 0:02:30]} 8. exd4 {[%emt 0:00:21]} exd4 {[%emt 0:00:09]} 9. Bg5 {[%emt 0:04:44]} h6 {[%emt 0:05:50]} 10. Bxf6 {[%emt 0:00:54]} Bxf6 {[%emt 0:00:06]} 11. Re1+ {[%emt 0:00:51]} Kf8 {[%emt 0:00:06]} 12. Nbd2 {[%emt 0:00:49]} Rb8 {[%emt 0:02:13]} 13. a3 {[%emt 0:35:06]} a5 {[%emt 0:19:05]} 14. Re2 {[%emt 0:09:53]} h5 {[%emt 0:04:50]} 15. Ne4 {[%emt 0:09:21]} Be7 {[%emt 0:00:03]} 16. Qd2 {[%emt 0:01:17]} Qc7 {[%emt 0:05:45]} 17. Rae1 {[%emt 0:03:35]} Bg4 {[%emt 0:02:51]} 18. h3 {[%emt 0:00:59]} Bd7 {[%emt 0:00:10]} 19. Neg5 {[%emt 0:06:14]} Re8 {[%emt 0:01:39]} 20. Ne5 {[%emt 0:09:48]} Nxe5 {[%emt 0:00:10]} 21. Rxe5 {[%emt 0:00:06]} Bf6 {[%emt 0:18:40]} 22. Rxe8+ {[%emt 0:02:30]} Bxe8 {[%emt 0:00:04]} 23. Bd5 {[%emt 0:05:05]} g6 {[%emt 0:17:45]} 24. Ne4 {[%emt 0:08:52]} Be7 {[%emt 0:01:20]} 25. Qe2 {[%emt 0:00:29]} Kg7 {[%emt 0:01:27]} 26. Qf3 {[%emt 0:01:57]} Rf8 {[%emt 0:02:00]} 27. h4 {[%emt 0:00:23]} b6 {[%emt 0:03:32]} 28. Ng5 {[%emt 0:01:21]} a4 {[%emt 0:02:53]} 29. Kg2 {[%emt 0:04:22]} Qd6 {[%emt 0:02:14]} 30. Re4 {[%emt 0:03:29]} Bxg5 {[%emt 0:02:28]} 31. hxg5 {[%emt 0:00:05]} Bd7 {[%emt 0:00:09]} 32. Rf4 {[%emt 0:07:34]} f5 {[%emt 0:03:20]} 33. gxf6+ {[%emt 0:02:24]} Rxf6 {[%emt 0:00:03]} 34. Rxf6 {[%emt 0:00:17]} Qxf6 {[%emt 0:00:02]} 35. Qe2 {[%emt 0:02:11]} h4 {[%emt 0:01:05]} 36. gxh4 {[%emt 0:00:52]} Qxh4 {[%emt 0:00:48]} 37. Qe5+ {[%emt 0:02:41]} Qf6 {[%emt 0:01:40]} 38. Qxf6+ {[%emt 0:00:30]} Kxf6 {[%emt 0:00:02]} 39. Kf3 {[%emt 0:00:08]} Ke5 {[%emt 0:00:18]} 40. Ke2 {[%emt 0:00:05]} Kf4 {[%emt 0:00:31]} 41. Be4 {[%emt 0:04:43]} g5 {[%emt 0:00:04]} 42. Bd5 {[%emt 0:00:45]} Be8 {[%emt 0:01:07]} 43. Be4 {[%emt 0:00:17]} Bd7 {[%emt 0:08:51]} 44. Bd5 {[%emt 0:00:05]} Be8 {[%emt 0:00:03]} 45. Bb7 {[%emt 0:00:11]} Bd7 {[%emt 0:02:15]} 1/2-1/2

[Event "Irish Championship 2020"]
[Site "Dublin"]
[Date "2020.08.08"]
[Round "8.2"]
[White "O`Gorman, Tom"]
[Black "Wallace, John Paul"]
[Result "1-0"]
[WhiteElo "2345"]
[BlackElo "2346"]
[Annotator "TA"]
[PlyCount "69"]
[EventDate "2020.08.01"]
[EventType "swiss"]
[EventCountry "IRL"]
[SourceTitle "playchess.com"]
[Source "ChessBase"]
[SourceQuality "1"]

{[%evp 17,69,44,37,37,79,41,56,56,67,29,16,25,43,42,44,19,30,36,48,54,66,72,105,97,107,49,87,69,141,137,370,387,870,359,760,740,29980,29981,29979,29978,3237,2933,2020,756,29988,29989,29989,29990,29990,29976,29991,29992,29997,29989]} 1. d4 Nf6 2. Nf3 d6 3. g3 g6 4. Bg2 Bg7 5. O-O O-O 6. c4 Nc6 7. Nc3 a6 8. b3 Bd7 9. Bb2 Rb8 10. Rc1 {E63: King's Indian: Fianchetto: Panno Variation with 7...a6.} e6 11. e3 Re8 {[#]} 12. Qe2 $146 {White is slightly better.} ({Predecessor:} 12. Ba1 b5 13. Nd2 Ne7 14. Qc2 Bc8 15. Rfd1 Bb7 16. e4 Nc6 17. Nf3 bxc4 18. bxc4 {1-0 (33) Tkachiev,V (2670)-David,A (2520) Cannes 2000}) 12... Qc8 13. h3 e5 14. dxe5 Nxe5 15. Nxe5 dxe5 16. Kh2 Be6 17. Rfd1 Nd7 18. Ne4 h6 19. c5 Nf8 20. c6 {cxb7 is the strong threat.} b6 21. Bf1 (21. g4 $16) 21... a5 22. Qb5 $36 {[%mdl 2048] White has some pressure.} f6 (22... Bf5 $14 23. f3 Ra8) 23. Ba3 $16 Nh7 $2 {[#] Loses the game.} (23... Kh8 $16 24. Nc3 Ra8) 24. Rd7 $1 $18 {[%mdl 512]} f5 $2 {[#]} (24... Kh8 25. Bd6 cxd6 26. Nxd6 {[%mdl 64] Double Attack} Bxd7) (24... Bxd7 25. cxd7) 25. Bc4 (25. Rxg7+ $142 $1 {[%mdl 512]} Kxg7 26. Qxe5+ Kf7 27. Bb2) 25... Kh8 $2 {[#]} (25... fxe4 26. Bxe6+ Rxe6) 26. Rxg7 $1 {[%mdl 576] Remove Defender} Kxg7 27. Qxe5+ Kf7 28. Bb2 {[%csl Gb2][%cal Re5g7]} Rg8 {[#]} 29. Nf6 $1 {[%mdl 512]} Ng5 30. Bxe6+ (30. Kg2 $142) 30... Nxe6 31. Nxg8 {White mates.} Qxg8 32. Rd1 Rd8 33. Qf6+ Ke8 {[#]} 34. Ba3 $1 {[%csl Ga3][%cal Rf6e7][%mdl 512]} Qf7 35. Qh8+ {Accuracy: White = 74%, Black = 38%.} 1-0

[Event "Irish Championship 2020"]
[Site "Dublin"]
[Date "2020.08.08"]
[Round "8.3"]
[White "O`Donnell, Conor"]
[Black "Venkatesan, Kavin"]
[Result "1-0"]
[WhiteElo "2304"]
[BlackElo "1946"]
[Annotator "ChessBase"]
[PlyCount "65"]
[EventDate "2020.08.01"]
[EventType "swiss"]
[EventCountry "IRL"]
[SourceTitle "playchess.com"]
[Source "ChessBase"]
[SourceQuality "1"]
[TimeControl "8100+35"]

1. e4 {[%emt 0:00:30]} c5 {[%emt 0:00:00]} 2. c3 {[%emt 0:01:47]} d5 {[%emt 0:01:05]} 3. exd5 {[%emt 0:00:29]} Qxd5 {[%emt 0:00:38]} 4. d4 {[%emt 0:00:15]} cxd4 {[%emt 0:03:59]} 5. cxd4 {[%emt 0:01:08]} e6 {[%emt 0:06:09]} 6. Nc3 {[%emt 0:01:50]} Qd8 {[%emt 0:01:52]} 7. Nf3 {[%emt 0:03:25]} Nf6 {[%emt 0:03:21]} 8. Ne5 {[%emt 0:12:26]} a6 {[%emt 0:09:33]} 9. Bd3 {[%emt 0:07:21]} Bd6 {[%emt 0:08:26]} 10. O-O {[%emt 0:05:46]} O-O {[%emt 0:06:16]} 11. Bg5 {[%emt 0:14:12]} Be7 {[%emt 0:02:13]} 12. Re1 {[%emt 0:04:15]} Nbd7 {[%emt 0:10:44]} 13. Re3 {[%emt 0:17:51]} Nxe5 {[%emt 0:20:07]} 14. dxe5 {[%emt 0:00:42]} Nd5 {[%emt 0:07:01]} 15. Bxe7 {[%emt 0:00:58]} Qxe7 {[%emt 0:07:20]} 16. Rh3 {[%emt 0:01:35]} f5 {[%emt 0:05:26]} 17. exf6 {[%emt 0:03:15]} Nxf6 {[%emt 0:00:09]} 18. Ne4 {[%emt 0:02:12]} Nxe4 {[%emt 0:04:44]} 19. Bxe4 {[%emt 0:01:56]} h6 {[%emt 0:00:52]} 20. Qb3 {[%emt 0:06:44]} Kh8 {[%emt 0:04:34]} 21. Re1 {[%emt 0:02:59]} Rb8 {[%emt 0:07:48]} 22. Qc3 {[%emt 0:11:58]} Rf6 {[%emt 0:10:31]} 23. Qe5 {[%emt 0:01:06]} Ra8 {[%emt 0:01:00]} 24. Rd3 {[%emt 0:03:14]} Bd7 {[%emt 0:03:36]} 25. Qd6 {[%emt 0:06:04]} Qxd6 {[%emt 0:01:24]} 26. Rxd6 {[%emt 0:00:03]} Bb5 {[%emt 0:02:11]} 27. Bxb7 {[%emt 0:01:30]} Rb8 {[%emt 0:00:30]} 28. Be4 {[%emt 0:03:36]} e5 {[%emt 0:02:48]} 29. Red1 {[%emt 0:01:39]} Rxd6 {[%emt 0:03:22]} 30. Rxd6 {[%emt 0:00:05]} Re8 {[%emt 0:01:23]} 31. b3 {[%emt 0:01:34]} Kg8 {[%emt 0:01:30]} 32. a4 {[%emt 0:02:43]} Be2 {[%emt 0:00:19]} 33. f3 {[%emt 0:00:27]} 1-0

[Event "Irish Championship 2020"]
[Site "Dublin"]
[Date "2020.08.08"]
[Round "8.4"]
[White "Melaugh, Gavin"]
[Black "Kanyamarala, Tarun"]
[Result "0-1"]
[WhiteElo "2003"]
[BlackElo "2381"]
[Annotator "TA"]
[PlyCount "128"]
[EventDate "2020.08.01"]
[EventType "swiss"]
[EventCountry "IRL"]
[SourceTitle "playchess.com"]
[Source "ChessBase"]
[SourceQuality "1"]

{[%evp 19,128,0,-16,0,21,28,16,13,28,-47,-56,-57,-58,-58,-37,-69,-69,-70,-71,-71,-56,-87,-85,-93,-60,-67,-36,-62,-51,-65,-64,-86,-68,-97,-95,-106,-100,-134,-135,-123,-112,-90,-14,-186,-140,-212,-220,-229,-166,-379,-237,-232,-235,-238,-213,-218,-216,-255,-254,-238,-240,-541,-475,-673,-320,-355,-243,-239,-231,-227,-223,-201,-203,-210,-206,-206,-202,-188,-209,-238,-231,-251,-241,-308,-297,-296,-288,-466,-466,-555,-554,-613,-558,-650,-696,-672,-641,-714,-681,-687,-637,-766,-769,-774,-713,-780,-764,-807,-777,-2202,-2151]} 1. c4 f5 2. d4 Nf6 3. Nc3 g6 4. Nf3 Bg7 5. g3 O-O 6. Bg2 d6 7. O-O c6 8. d5 e5 9. dxe6 Bxe6 10. Qd3 Re8 11. Ng5 {A88: Dutch Defence: Leningrad System: 5 Nf3 0-0 6 0-0 d6 7 Nc3 c6.} Na6 12. Nxe6 Rxe6 13. Rd1 {[#] The position is equal.} Ng4 $146 ({Predecessor:} 13... Nc5 14. Qc2 Nce4 15. Nxe4 Nxe4 16. Be3 Qe7 17. a4 h6 18. Ra3 b6 19. Bf3 Rf8 {1-0 (44) Przezdziecka,M (2304)-Andrikopoulou,E (1557) Ermioni Argolidas 2006}) 14. e3 (14. Qc2 $11) 14... Nc5 $15 15. Qc2 Bxc3 $1 16. bxc3 Qa5 17. Rb1 Rae8 18. h3 Ne5 19. Rd4 Rf6 20. f4 Ned7 21. g4 Re7 22. Qd2 Ree6 23. Rb2 Nb6 24. Rb4 Nc8 25. Qc2 Qc7 26. Rb1 Nb6 27. Bf3 Re7 28. Kf2 Ne6 29. Ba3 Nxd4 30. cxd4 Ref7 (30... Rff7 $17 {...fxg4 is the strong threat.} 31. c5 dxc5 32. Bxc5 Rxe3 $1 {[%mdl 512]} 33. Kxe3 fxg4) 31. Rg1 $2 {Loses the game.} (31. c5 $11 dxc5 32. dxc5) 31... d5 $19 32. c5 (32. cxd5 $17 Nxd5 33. Bc1) 32... Nc4 33. Bc1 Qe7 34. h4 $2 (34. Be2) 34... Kf8 35. g5 Re6 {[%cal Re6e3]} 36. Qd3 Qc7 37. Bd1 Rfe7 38. Rg3 Qa5 39. Bb3 Qb4 {[#]} 40. Ke2 $2 (40. h5 $1 {[%mdl 512]}) 40... Re4 41. Rf3 {[#]} (41. a3 $142 Nxa3 42. Bxa3 Qxa3 43. Kf2) 41... Ke8 (41... Nxe3 $142 $1 {[%mdl 512]} 42. Rxe3 (42. Bxe3 Rxd4) 42... Rxd4) 42. Bc2 {and the idea Qb3 leaves White hopeful.} R4e6 43. Qb3 Qa5 44. Bd3 Qb5 45. h5 Kf8 46. Kf2 Kg8 47. Rh3 b6 48. Qc3 Qa5 ({And not} 48... bxc5 49. hxg6 hxg6 50. dxc5 $11) 49. Qxa5 Nxa5 ({Don't play} 49... bxa5 50. hxg6 hxg6 51. Ke2 $17) 50. Ba3 Re8 51. Bb4 Nc4 52. Bxc4 dxc4 {[%mdl 4096] Endgame KRR-KRB} 53. Ke2 $2 (53. hxg6 hxg6 54. a4) 53... gxh5 {Black is clearly winning.} 54. Kd2 Kg7 55. a4 Kg6 56. a5 bxa5 57. Bxa5 Rb8 58. Bc3 Rb1 59. Kc2 Rg1 60. Bd2 Re7 61. Kc3 Rd1 62. Kc2 Ra1 63. Kc3 Ra4 64. Rh1 Rb7 {Accuracy: White = 46%, Black = 76%.} 0-1

[Event "Irish Championship 2020"]
[Site "Dublin"]
[Date "2020.08.08"]
[Round "8.5"]
[White "Kanyamarala, Trisha"]
[Black "Flynn, Jacob"]
[Result "1/2-1/2"]
[WhiteElo "2193"]
[BlackElo "2114"]
[Annotator "ChessBase"]
[PlyCount "73"]
[EventDate "2020.08.01"]
[EventType "swiss"]
[EventCountry "IRL"]
[SourceTitle "playchess.com"]
[Source "ChessBase"]
[SourceQuality "1"]
[TimeControl "8100+35"]

1. d4 {[%emt 0:00:00]} Nf6 {[%emt 0:00:00]} 2. Nf3 {[%emt 0:00:04]} d5 {[%emt 0:00:20]} 3. c4 {[%emt 0:00:33]} e6 {[%emt 0:00:11]} 4. Nc3 {[%emt 0:00:55]} dxc4 {[%emt 0:00:23]} 5. e3 {[%emt 0:03:15]} a6 {[%emt 0:00:37]} 6. Bxc4 {[%emt 0:06:54]} b5 {[%emt 0:01:27]} 7. Be2 {[%emt 0:00:45]} Bb7 {[%emt 0:02:10]} 8. O-O {[%emt 0:04:08]} c5 {[%emt 0:02:56]} 9. b3 {[%emt 0:06:02]} Nbd7 {[%emt 0:02:36]} 10. Bb2 {[%emt 0:03:58]} Be7 {[%emt 0:04:00]} 11. Rc1 {[%emt 0:03:03]} O-O {[%emt 0:02:50]} 12. Bd3 {[%emt 0:11:36]} Rc8 {[%emt 0:16:09]} 13. Qe2 {[%emt 0:10:35]} cxd4 {[%emt 0:03:47]} 14. Nxd4 {[%emt 0:03:58]} Nc5 {[%emt 0:08:14]} 15. Bb1 {[%emt 0:07:56]} b4 {[%emt 0:09:04]} 16. Na4 {[%emt 0:10:17]} Nxa4 {[%emt 0:03:43]} 17. bxa4 {[%emt 0:00:10]} Qa5 {[%emt 0:05:40]} 18. Bc2 {[%emt 0:08:33]} Nd5 {[%emt 0:22:22]} 19. Nb3 {[%emt 0:31:00]} Qd8 {[%emt 0:06:57]} 20. Rfd1 {[%emt 0:17:34]} Bf6 {[%emt 0:03:13]} 21. Nd4 {[%emt 0:01:57]} Qe7 {[%emt 0:05:22]} 22. Qd3 {[%emt 0:01:47]} g6 {[%emt 0:00:48]} 23. Bb3 {[%emt 0:00:49]} Nc3 {[%emt 0:15:48]} 24. Bxc3 {[%emt 0:05:31]} bxc3 {[%emt 0:00:08]} 25. Rxc3 {[%emt 0:01:50]} Rxc3 {[%emt 0:00:58]} 26. Qxc3 {[%emt 0:00:06]} Rc8 {[%emt 0:00:25]} 27. Qd3 {[%emt 0:02:25]} Rd8 {[%emt 0:06:04]} 28. Qe2 {[%emt 0:03:01]} Qb4 {[%emt 0:03:38]} 29. Qd2 {[%emt 0:02:20]} Qxd2 {[%emt 0:08:05]} 30. Rxd2 {[%emt 0:00:02]} e5 {[%emt 0:00:13]} 31. Nf3 {[%emt 0:00:13]} Bxf3 {[%emt 0:00:09]} 32. Rxd8+ {[%emt 0:00:08]} Bxd8 {[%emt 0:00:03]} 33. gxf3 {[%emt 0:00:09]} a5 {[%emt 0:00:23]} 34. Kg2 {[%emt 0:01:00]} Kg7 {[%emt 0:00:32]} 35. Bd5 {[%emt 0:00:54]} Be7 {[%emt 0:00:16]} 36. Kg3 {[%emt 0:00:55]} g5 {[%emt 0:02:08]} 37. Kg4 {[%emt 0:00:57]} 1/2-1/2

[Event "Irish Championship 2020"]
[Site "Dublin"]
[Date "2020.08.08"]
[Round "8.6"]
[White "O`Gorman, Alice"]
[Black "Melaugh, Shane"]
[Result "0-1"]
[WhiteElo "1904"]
[BlackElo "2161"]
[Annotator "ChessBase"]
[PlyCount "86"]
[EventDate "2020.08.01"]
[EventType "swiss"]
[EventCountry "IRL"]
[SourceTitle "playchess.com"]
[Source "ChessBase"]
[SourceQuality "1"]
[TimeControl "8100+35"]

1. e4 {[%emt 0:00:00]} c5 {[%emt 0:08:46]} 2. Nf3 {[%emt 0:00:00]} Nc6 {[%emt 0:00:05]} 3. d4 {[%emt 0:00:00]} cxd4 {[%emt 0:00:03]} 4. Nxd4 {[%emt 0:00:00]} e6 {[%emt 0:00:24]} 5. Nc3 {[%emt 0:00:12]} Qc7 {[%emt 0:00:05]} 6. Ndb5 {[%emt 0:00:46]} Qb8 {[%emt 0:00:07]} 7. Be3 {[%emt 0:00:06]} a6 {[%emt 0:00:05]} 8. Bb6 {[%emt 0:00:12]} axb5 {[%emt 0:00:05]} 9. Nxb5 {[%emt 0:00:04]} Ra5 {[%emt 0:00:12]} 10. Nc7+ {[%emt 0:17:06]} Ke7 {[%emt 0:01:53]} 11. Qd2 {[%emt 0:02:51]} Nf6 {[%emt 0:04:05]} 12. Bxa5 {[%emt 0:10:33]} b6 {[%emt 0:00:23]} 13. Bb4+ {[%emt 0:10:42]} Nxb4 {[%emt 0:00:28]} 14. Qxb4+ {[%emt 0:00:45]} Kd8 {[%emt 0:00:08]} 15. Nxe6+ {[%emt 0:01:18]} fxe6 {[%emt 0:00:09]} 16. Qa4 {[%emt 0:04:15]} Qf4 {[%emt 0:01:45]} 17. f3 {[%emt 0:05:47]} Nd5 {[%emt 0:10:07]} 18. Be2 {[%emt 0:05:58]} Ne3 {[%emt 0:11:32]} 19. g3 {[%emt 0:04:26]} Qe5 {[%emt 0:07:45]} 20. c3 {[%emt 0:03:46]} Bc5 {[%emt 0:13:38]} 21. Rc1 {[%emt 0:03:58]} Qd6 {[%emt 0:02:04]} 22. b4 {[%emt 0:07:16]} Ng2+ {[%emt 0:02:23]} 23. Kf1 {[%emt 0:00:07]} Ne3+ {[%emt 0:03:13]} 24. Ke1 {[%emt 0:00:11]} Ng2+ {[%emt 0:01:05]} 25. Kf1 {[%emt 0:00:05]} Qd2 {[%emt 0:11:02]} 26. bxc5 {[%emt 0:06:01]} Ne3+ {[%emt 0:00:42]} 27. Kf2 {[%emt 0:03:22]} Ng4+ {[%emt 0:00:12]} 28. fxg4 {[%emt 0:03:06]} Rf8+ {[%emt 0:00:06]} 29. Kg2 {[%emt 0:01:06]} Qxe2+ {[%emt 0:00:05]} 30. Kh3 {[%emt 0:00:13]} Rf6 {[%emt 0:00:12]} 31. g5 {[%emt 0:01:39]} e5 {[%emt 0:00:07]} 32. Qd1 {[%emt 0:07:10]} d5+ {[%emt 0:01:13]} 33. Kh4 {[%emt 0:00:55]} Qxe4+ {[%emt 0:01:52]} 34. g4 {[%emt 0:01:27]} Bxg4 {[%emt 0:15:33]} 35. Qxg4 {[%emt 0:05:23]} Rf4 {[%emt 0:00:06]} 36. h3 {[%emt 0:01:13]} Rxg4+ {[%emt 0:03:30]} 37. hxg4 {[%emt 0:00:07]} bxc5 {[%emt 0:00:10]} 38. Rh2 {[%emt 0:03:20]} Qf4 {[%emt 0:01:23]} 39. Rcc2 {[%emt 0:00:23]} e4 {[%emt 0:01:14]} 40. Rhf2 {[%emt 0:03:00]} Qd6 {[%emt 0:00:14]} 41. Kh3 {[%emt 0:04:25]} d4 {[%emt 0:01:46]} 42. cxd4 {[%emt 0:05:31]} cxd4 {[%emt 0:00:06]} 43. Rf5 {[%emt 0:02:17]} d3 {[%emt 0:00:14]} 0-1

[Event "Irish Championship 2020"]
[Site "Dublin"]
[Date "2020.08.08"]
[Round "8.7"]
[White "Murray, David"]
[Black "Putar, Lara"]
[Result "1-0"]
[WhiteElo "2152"]
[BlackElo "1834"]
[Annotator "ChessBase"]
[PlyCount "47"]
[EventDate "2020.08.01"]
[EventType "swiss"]
[EventCountry "IRL"]
[SourceTitle "playchess.com"]
[Source "ChessBase"]
[SourceQuality "1"]
[TimeControl "8100+35"]

1. d4 {[%emt 0:06:01]} Nf6 {[%emt 0:00:00]} 2. c4 {[%emt 0:00:42]} g6 {[%emt 0:00:00]} 3. Nc3 {[%emt 0:00:12]} d5 {[%emt 0:00:00]} 4. Nf3 {[%emt 0:01:21]} Bg7 {[%emt 0:00:01]} 5. cxd5 {[%emt 0:00:13]} Nxd5 {[%emt 0:00:07]} 6. e4 {[%emt 0:00:07]} Nxc3 {[%emt 0:00:14]} 7. bxc3 {[%emt 0:00:05]} c5 {[%emt 0:00:21]} 8. Rb1 {[%emt 0:02:04]} O-O {[%emt 0:01:20]} 9. Be2 {[%emt 0:01:11]} Nc6 {[%emt 0:05:49]} 10. d5 {[%emt 0:04:17]} Ne5 {[%emt 0:02:10]} 11. Nxe5 {[%emt 0:01:42]} Bxe5 {[%emt 0:00:07]} 12. Qd2 {[%emt 0:01:59]} Qa5 {[%emt 0:05:31]} 13. Rb3 {[%emt 0:02:43]} e6 {[%emt 0:10:45]} 14. f4 {[%emt 0:03:11]} Bg7 {[%emt 0:02:21]} 15. d6 {[%emt 0:04:40]} Bd7 {[%emt 0:07:41]} 16. O-O {[%emt 0:04:44]} e5 {[%emt 0:14:33]} 17. f5 {[%emt 0:03:58]} Rfd8 {[%emt 0:12:46]} 18. Bc4 {[%emt 0:03:48]} gxf5 {[%emt 0:10:07]} 19. exf5 {[%emt 0:01:58]} h6 {[%emt 0:11:05]} 20. Rf3 {[%emt 0:05:13]} e4 {[%emt 0:03:13]} 21. Rg3 {[%emt 0:01:11]} Kh7 {[%emt 0:02:51]} 22. Rxg7+ {[%emt 0:00:43]} Kxg7 {[%emt 0:01:35]} 23. Qxh6+ {[%emt 0:00:12]} Kg8 {[%emt 0:00:09]} 24. f6 {[%emt 0:00:17]} 1-0

[Event "Irish Championship 2020"]
[Site "Dublin"]
[Date "2020.08.08"]
[Round "8.8"]
[White "O'Connell, Gerard"]
[Black "Peoples, Jonathon"]
[Result "1-0"]
[WhiteElo "2075"]
[BlackElo "1932"]
[Annotator "ChessBase"]
[PlyCount "47"]
[EventDate "2020.08.01"]
[EventType "swiss"]
[EventCountry "IRL"]
[SourceTitle "playchess.com"]
[Source "ChessBase"]
[SourceQuality "1"]
[TimeControl "8100+35"]

1. d4 {[%emt 0:00:00]} Nf6 {[%emt 0:00:00]} 2. c4 {[%emt 0:00:00]} e6 {[%emt 0:00:00]} 3. Nc3 {[%emt 0:00:00]} Bb4 {[%emt 0:00:00]} 4. e3 {[%emt 0:00:10]} O-O {[%emt 0:00:02]} 5. Bd3 {[%emt 0:00:19]} d5 {[%emt 0:00:06]} 6. a3 {[%emt 0:01:07]} Bxc3+ {[%emt 0:01:35]} 7. bxc3 {[%emt 0:00:04]} c5 {[%emt 0:02:52]} 8. Nf3 {[%emt 0:01:28]} Nc6 {[%emt 0:04:06]} 9. O-O {[%emt 0:00:11]} b6 {[%emt 0:06:03]} 10. Qa4 {[%emt 0:08:48]} Bd7 {[%emt 0:06:50]} 11. Qc2 {[%emt 0:00:22]} dxc4 {[%emt 0:01:00]} 12. Bxc4 {[%emt 0:00:36]} Na5 {[%emt 0:00:15]} 13. Bd3 {[%emt 0:04:01]} cxd4 {[%emt 0:12:12]} 14. exd4 {[%emt 0:01:10]} Rc8 {[%emt 0:04:02]} 15. Ne5 {[%emt 0:01:50]} Bc6 {[%emt 0:01:24]} 16. Bg5 {[%emt 0:02:34]} h6 {[%emt 0:02:22]} 17. Bh4 {[%emt 0:00:45]} Bd5 {[%emt 0:06:41]} 18. Ng4 {[%emt 0:07:25]} Bc4 {[%emt 0:16:32]} 19. Bh7+ {[%emt 0:35:07]} Kh8 {[%emt 0:01:09]} 20. Bxf6 {[%emt 0:00:07]} gxf6 {[%emt 0:00:10]} 21. Qd2 {[%emt 1:21:11]} Qd5 {[%emt 0:09:20]} 22. Qxh6 {[%emt 0:00:00]} Qg5 {[%emt 0:00:11]} 23. Qh3 {[%emt 0:00:00]} Kg7 {[%emt 0:00:15]} 24. f4 {[%emt 0:00:00]} 1-0

[Event "Irish Championship 2020"]
[Site "Dublin"]
[Date "2020.08.08"]
[Round "8.9"]
[White "Collins, Sam E."]
[Black "Fitzsimons, David"]
[Result "1-0"]
[WhiteElo "2459"]
[BlackElo "2334"]
[Annotator "TA"]
[PlyCount "121"]
[EventDate "2020.08.01"]
[EventType "swiss"]
[EventCountry "IRL"]
[SourceTitle "playchess.com"]
[Source "ChessBase"]
[SourceQuality "1"]

{[%evp 15,121,-8,-4,-36,-31,-45,0,-17,-8,-27,-24,-20,-8,-15,-9,0,37,20,22,25,37,41,51,31,33,33,24,0,0,-15,-9,-46,-48,-44,-5,-3,26,10,366,374,306,129,195,0,251,82,438,438,405,417,454,431,452,381,515,242,241,201,314,231,218,218,225,224,212,223,221,213,199,175,213,184,227,202,387,387,708,681,2444,841,690,259,254,263,413,413,1077,77,245,0,929,368,875,634,743,743,743,743,743,743,743,743,1671,1634,1206,1162,1105,1081]} 1. e4 c5 2. Nf3 d6 3. g3 Nf6 4. c3 g6 5. Bg2 Nc6 6. d3 Bg7 7. O-O O-O 8. Nbd2 Rb8 9. h3 {A05: Réti Opening: 1 Nf3 Nf6.} b5 10. d4 Nd7 {[%cal Rc5d4]} 11. d5 {The position is equal.} Nce5 12. Ne1 Nb6 13. f4 {[#]} Nec4 $146 {And now ...Ne3 would win.} ({Predecessor:} 13... Ned7 14. Ndf3 a5 15. a3 a4 16. Nc2 Nc4 17. Rb1 Ndb6 18. Re1 e6 19. dxe6 Bxe6 {½-½ (42) Shashin,B-Geller,E Moscow 1970}) 14. Ndf3 Bd7 15. b3 Na5 16. Bd2 e6 17. dxe6 fxe6 18. Rc1 Nc6 19. Qe2 c4 20. Nc2 e5 21. Kh2 Qe7 22. Rce1 a5 23. Ng5 cxb3 24. axb3 a4 25. bxa4 $1 (25. Qxb5 Nd4 $1 $17 {[%mdl 512]}) 25... Nxa4 26. Ne3 {aiming for Nd5.} Kh8 $2 {[%mdl 8192]} (26... exf4 $11 {and Black has nothing to worry.} 27. gxf4 Nc5) 27. Nd5 $18 Qe8 28. Nc7 (28. f5 $1 $18) 28... Qe7 (28... Qc8 $16 {keeps fighting.} 29. Nxb5 Nd4 30. Nxd4 (30. Nxd6 Nxe2 31. Nxc8 Rbxc8 $15) 30... exd4) 29. Nd5 ({Stronger than} 29. Nxb5 exf4 30. gxf4 Na5 $11) (29. f5 $142 $1) 29... Qe8 $1 30. h4 $2 (30. f5 $1 $18 {is the precise move to win.}) 30... Ne7 $2 {[%mdl 8192]} (30... b4 $16) 31. fxe5 $1 Nxd5 32. Rxf8+ (32. exd5 Bxe5 33. Rxf8+ Qxf8 $16) 32... Qxf8 33. Rf1 ({Weaker is} 33. exd5 Bxe5 34. Rf1 Bf5 $16) 33... Qe8 34. exd5 dxe5 {[#]} 35. Be4 (35. h5 $142 $1 {[%mdl 512]}) 35... Nc5 36. Bc2 {Strongly threatening Nf7+.} b4 (36... Ra8 $142) 37. Qf2 (37. cxb4 Bb5 $11) 37... b3 38. Bb1 $1 Bb5 {Hoping for ...Qd7.} 39. Nf7+ {[%cal Bg5f7,Bf7d6,Bd6c4,Bc4e3,Be3g4][%mdl 32]} Kg8 40. c4 $1 {[%mdl 64] Decoy} Bxc4 41. Nd6 {[%mdl 64] Double Attack} Qd7 42. Nxc4 Qxd5 43. Ne3 Qd7 44. Qe2 b2 $2 (44... Qb5 45. Qxb5 Rxb5) 45. Ng4 Qd6 $2 (45... Qb5 46. Qxb5 Rxb5 47. Nh6+ Kh8 48. Nf7+ Kg8) 46. Bh6 Rb4 47. Bxg7 (47. Ba2+ $142 Ne6 48. Qc2) 47... Kxg7 48. Qxe5+ $2 (48. Ba2 {White wants to mate with Rf7+.} Rxg4 49. Qxg4 Qd2+ 50. Kh3) 48... Qxe5 49. Nxe5 Na4 (49... Rb7 $142 50. Rf2 Na4) 50. Rf7+ Kh8 {[#]} (50... Kg8 $142 51. Rc7 Rd4) 51. Rf8+ $2 (51. h5 $1 gxh5 52. Rxh7+ Kg8 53. Nd7) 51... Kg7 52. Rf7+ $2 (52. Rc8) 52... Kh8 $1 {[#] If only Black now had time for ...Nc3....} 53. Rc7 $2 (53. h5 $1 {h6 would kill now.} gxh5 54. Rxh7+ Kg8 55. Nd7) 53... Rd4 $2 (53... Rb6 54. Nf7+ Kg7 55. Ng5+ Kf6) 54. Nf7+ {White is clearly winning.} Kg7 55. Ng5+ Kf6 56. Rf7+ Ke5 57. Nf3+ Ke6 58. Ba2+ Kd6 59. Nxd4 Nc3 {[#]} 60. Nb5+ $1 Nxb5 61. Rf2 {Accuracy: White = 64%, Black = 42%.} 1-0